000 01326nam a22002777a 4500
999 _c87268
_d87268
005 20181112173109.0
008 140714b xxu||||| |||| 00| 0 Urdu d
010 _aUR-88 B-547922-925 B-665869
020 _a9789350732526
_c100.00
035 _aU-88 B-547922-925 B-665869
037 _bBPPD/Pub/Ven
037 _bPansy Books(Vend.)/Edu.pub. House(Pub.)
040 _aDPL
_bUrdu
082 _a ن
100 _aکشمير ی لال ذ ا کر
245 _a لا ل چو ک :نا و
_cکشمير ی لال ذ ا کر
246 _a Lal chowk(Novel)
_bby Kashmiri Lal Zakir
260 _aد ھلی
_bا يجو کيشنل پبليشنگ ہا ؤس
_c2014
260 _bPansy Books(Vender)
270 _a3108،و کيل اسٹر يٹ ،کو چہ پنڈ ت ،لال کنو ا ن
_bد ھلی
_e110006
_k23216162،23214465
270 _aR2,/66/A Somesh Vihar,Chhawala
_bNew Delhi
_e110071
_k01125317355
300 _a80ص
_c22Cm (Hb)
942 _2ddc
_cUR
_e
_h ن
_mک ش م